Movies Quiz

Random Movies or Oscar Quiz

Oscar or Razzie Actors Quiz Stats

 Plays Quiz Updated Aug 16, 2018

Score 0/16 Timer 03:00
0 Plays Today
Question Answer Wrong Answers
Daniel Day-Lewis Academy Award
95.9%
Golden Raspberry
1.9%
Adam Sandler Golden Raspberry
94%
Academy Award
3.7%
Jaden Smith Golden Raspberry
93%
Academy Award
4.7%
Russell Crowe Academy Award
90.8%
Golden Raspberry
7%
William Shatner Golden Raspberry
89.4%
Academy Award
8.4%
Jamie Foxx Academy Award
88.3%
Golden Raspberry
9.5%
Jeremy Irons Academy Award
84.8%
Golden Raspberry
12.9%
William Hurt Academy Award
84.5%
Golden Raspberry
13.3%
Matthew McConaughey Academy Award
80.6%
Golden Raspberry
17.2%
John Travolta Golden Raspberry
79.4%
Academy Award
18.4%
F. Murray Abraham Academy Award
75.7%
Golden Raspberry
22.1%
Burt Reynolds Golden Raspberry
72.5%
Academy Award
25.4%
Sylvester Stallone Golden Raspberry
68.2%
Academy Award
29.6%
Ben Affleck Golden Raspberry
63.3%
Academy Award
34.5%
Nicolas Cage Academy Award
55.3%
Golden Raspberry
42.6%
Kevin Costner Golden Raspberry
41.7%
Academy Award
56.3%

You're not logged in!

Compare scores with friends on all Sporcle quizzes.
OR
Log In

Sporcle TV

Today on Sporcle TV


Watch our educational content, quiz creation guides, and fun videos on Sporcle TV.

Show Comments

Extras

Top Quizzes Today


Score Distribution

Your Account Isn't Verified!

In order to create a playlist on Sporcle, you need to verify the email address you used during registration. Go to your Sporcle Settings to finish the process.

Report this User

Report this user for behavior that violates our Community Guidelines.

Details: